Music Quiz

Random Music Quiz

Duran Duran Songs Quiz Stats

 Plays Quiz not verified by Sporcle

Score 0/161 Timer 20:00
0 Plays Today
Album Song % Correct
The Wedding AlbumOrdinary World
83.4%
The Wedding AlbumCome Undone
79.6%
RioRio
76.3%
LibertyLiberty
74.9%
RioSave A Prayer
73.9%
Duran DuranGirls On Film
73.5%
NotoriousNotorious
73.5%
RioHungry Like The Wolf
73%
Duran DuranPlanet Earth
72.5%
Big ThingBig Thing
72%
Seven And The Ragged TigerThe Reflex
71.6%
LibertySerious
71.6%
Seven And The Ragged TigerNew Moon On Monday
71.1%
The Wedding AlbumToo Much Information
70.6%
RioThe Chauffeur
69.2%
Big ThingAll She Wants Is
69.2%
B-Sides
69.2%
Duran DuranCareless Memories
68.7%
RioMy Own Way
68.7%
RioLast Chance On The Stairway
68.7%
Seven And The Ragged TigerUnion Of The Snake
68.2%
Big ThingI Don't Want Your Love
68.2%
NotoriousSkin Trade
66.8%
LibertyViolence Of Summer Love's Taking Over
66.4%
RioNew Religion
65.9%
Duran DuranFriends Of Mine
64.9%
RioHold Back The Rain
64.5%
The Wedding AlbumUMF
64.5%
Duran DuranNight Boat
64%
Duran DuranTel Aviv
64%
RioLonely In Your Nightmare
63.5%
Seven And The Ragged TigerTiger Tiger
63.5%
Seven And The Ragged TigerThe Seventh Stranger
61.6%
Duran DuranSound Of Thunder
61.1%
NotoriousMeet El Presidente
61.1%
The Wedding AlbumFemme Fatale
61.1%
Duran DuranAnyone Out There
60.2%
Seven And The Ragged TigerI'm Looking For Cracks In The Pavement
60.2%
Duran DuranTo The Shore
59.7%
Seven And The Ragged TigerI Take The Dice
59.2%
LibertyHothead
59.2%
The Wedding AlbumSin Of The City
59.2%
LibertyMy Antarctica
58.8%
MedazzalandElectric Barbarella
58.8%
Big ThingDo You Believe In Shame?
57.8%
Big ThingLand
57.8%
Seven And The Ragged TigerOf Crime And Passion
56.9%
Big ThingLake Shore Driving
56.9%
The Wedding AlbumDrowning Man
56.9%
Big ThingToo Late Marlene
56.4%
Big ThingDrug It's Just A State Of Mind
56.4%
Thank YouWhite Lines
56.4%
Big ThingPalomino
55.9%
MedazzalandMedazzaland
55.5%
Album Song % Correct
The Wedding AlbumBreath After Breath
55%
NotoriousWinter Marches On
54.5%
LibertyVenice Drowning
54.5%
Thank YouPerfect Day
54.5%
NotoriousAmerican Science
54%
NotoriousVertigo Do The Demolition
54%
Big ThingThe Edge Of America
54%
Thank YouThank You
54%
Seven And The Ragged TigerShadows On Your Side
53.6%
Big ThingFlute Interlude
53.1%
B-SidesIs There Something I Should Know
53.1%
NotoriousHold Me
52.6%
LibertyAll Along The Water
52.6%
AstronautReach Up For The Sunrise
52.6%
AstronautAstronaut
52.6%
LibertyDowntown
52.1%
B-SidesThe Wild Boys
52.1%
The Wedding AlbumTo Whom It May Concern
51.7%
Red Carpet MassacreRed Carpet Massacre
51.2%
Thank You911 Is A Joke
50.7%
NotoriousProposition
50.2%
LibertyFirst Impression
49.8%
The Wedding AlbumLove Voodoo
49.8%
The Wedding AlbumShotgun
49.8%
Big ThingInterlude One
49.3%
NotoriousA Matter Of Feeling
48.8%
LibertyRead My Lips
48.3%
B-SidesA View To A Kill
48.3%
Thank YouLay Lady Lay
46.9%
B-SidesLate Bar
46.9%
The Wedding AlbumNone Of The Above
46.4%
B-SidesKhanada
46.4%
AstronautWhat Happens Tomorrow
46%
AstronautNice
46%
B-SidesFame
46%
NotoriousSo Misled
44.5%
Thank YouCrystal Ship
44.1%
The Wedding AlbumShelter
43.6%
AstronautBedroom Toys
43.6%
Red Carpet MassacreFalling Down
43.6%
Thank YouI Wanna Take You Higher
43.1%
LibertyCan You Deal With It
42.2%
Thank YouWatching The Detectives
42.2%
B-SidesSecret Oktober
42.2%
MedazzalandMichael You've Got A Lot To Answer For
41.7%
Pop TrashPop Trash Movie
41.7%
B-SidesFaster Than Light
41.7%
Red Carpet MassacreNite-Runner
41.2%
MedazzalandBig Bang Generation
40.3%
Thank YouDrive By
39.8%
Thank YouI Wanna Take You Higher Again
39.8%
Pop TrashSomeone Else Not Me
39.8%
MedazzalandOut Of My Mind
38.4%
Pop TrashLava Lamp
37.9%
Album Song % Correct
B-SidesFaith In This Colour
37.9%
Red Carpet MassacreThe Valley
37.4%
AstronautWant You More!
37%
Thank YouSuccess
36.5%
MedazzalandSilva Halo
36%
Pop TrashLast Day On Earth
36%
AstronautTaste The Summer
36%
Thank YouBall Of Confusion
35.5%
Pop TrashPlaying With Uranium
35.5%
Red Carpet MassacreSkin Divers
35.5%
Red Carpet MassacreTempted
35.5%
Pop TrashHallucinating Elvis
35.1%
Pop TrashLady Xanax
35.1%
AstronautChains
35.1%
Red Carpet MassacreBox Full O' Honey
35.1%
MedazzalandBe My Icon
34.1%
Pop TrashMars Meets Venus
34.1%
B-SidesLike An Angel
34.1%
B-SidesYo Bad Azizi
34.1%
AstronautFinest Hour
33.2%
AstronautPoint Of No Return
33.2%
MedazzalandWho Do You Think You Are?
32.7%
MedazzalandBuried In The Sand
32.7%
MedazzalandSo Long Suicide
32.7%
MedazzalandUndergoing Treatment
32.7%
AstronautStill Breathing
32.7%
Red Carpet MassacreDirty Great Monster
32.7%
B-SidesWe Need You
32.2%
Red Carpet MassacreZoom In
31.8%
MedazzalandMidnight Sun
31.3%
Red Carpet MassacreShe's Too Much
31.3%
Red Carpet MassacreLast Man Standing
30.3%
B-SidesI Believe/All I Need To Know
29.9%
B-SidesGod
29.9%
Pop TrashStarting To Remember
29.4%
AstronautOne Of Those Days
28.9%
Pop TrashFragment
28.4%
B-SidesThis Is How A Road Gets Made
28%
B-SidesBurning The Ground
28%
Red Carpet MassacreTricked Out
27.5%
B-SidesThe Needle And The Damage Done
27.5%
Pop TrashThe Sun Doesn't Shine Forever
26.1%
Pop TrashKiss Goodbye
25.6%
B-SidesSilent Icy River
25.6%
B-SidesDecadance
24.2%
B-SidesThrob
23.7%
B-SidesSinner Or Saint
23.7%
B-SidesFalling Angel
23.2%
B-SidesTime For Temptation
20.4%
B-SidesWater Babies
19.9%
B-SidesThat Fatal Kiss
19.4%
B-SidesStop Dead
18%
B-SidesKnow It All
15.6%

You're not logged in!

Compare scores with friends on all Sporcle quizzes.
OR
Log In

You Might Also Like...

Show Comments

Extras

Created Nov 1, 2010ReportNominate
Tags:Duran Duran

Top Quizzes Today


Score Distribution

Your Account Isn't Verified!

In order to create a playlist on Sporcle, you need to verify the email address you used during registration. Go to your Sporcle Settings to finish the process.

Report this User

Report this user for behavior that violates our Community Guidelines.

Details: